[Event "2025 National K-12 Grade Championship"]
[Site "Spokane, WI USA, United States"]
[Date "2025.12.12"]
[Round "2.6"]
[White "Sebba, Amitai"]
[Black "Shafer, Logan"]
[Result "0-1"]
[TimeControl "G/90; d10"]
[BlackTitle "CM"]
[WhiteFideId "39952339"]
[BlackFideId "30993342"]
[WhiteElo "1910"]
[BlackElo "2312"]

1. e4 {[%clk 01:30:00]} {[%emt 00:00:02]} c6 {[%clk 01:29:59]} {[%emt
00:00:10]} 2. d4 {[%clk 01:30:00]} {[%emt 00:00:03]} d5 {[%clk 01:29:59]}
{[%emt 00:00:04]} 3. exd5 {[%clk 01:30:00]} cxd5 {[%clk 01:29:59]} {[%emt
00:00:05]} 4. Bd3 {[%clk 01:30:00]} {[%emt 00:00:04]} Nc6 {[%clk 01:29:59]}
{[%emt 00:00:05]} 5. c3 {[%clk 01:30:00]} {[%emt 00:00:01]} e6 {[%clk
01:29:59]} {[%emt 00:00:05]} 6. Bf4 {[%clk 01:29:21]} {[%emt 00:00:51]} Bd6
{[%clk 01:29:59]} {[%emt 00:00:09]} 7. Bxd6 {[%clk 01:28:07]} {[%emt 00:01:24]}
Qxd6 {[%clk 01:29:59]} {[%emt 00:00:04]} 8. Qg4 {[%clk 01:24:22]} {[%emt
00:03:56]} g6 {[%clk 01:26:25]} {[%emt 00:03:44]} 9. Nf3 {[%clk 01:21:18]}
{[%emt 00:03:14]} Nge7 {[%clk 01:17:57]} {[%emt 00:08:38]} 10. Nbd2 {[%clk
01:17:52]} {[%emt 00:03:36]} f6 {[%clk 01:15:39]} {[%emt 00:02:29]} 11. O-O-O
{[%clk 01:03:49]} {[%emt 00:14:11]} O-O {[%clk 01:08:07]} {[%emt 00:07:40]} 12.
h4 {[%clk 00:54:35]} {[%emt 00:09:25]} e5 {[%clk 01:04:42]} {[%emt 00:03:35]}
13. Qg3 {[%clk 00:54:35]} {[%emt 00:00:06]} Nf5 {[%clk 01:02:35]} {[%emt
00:02:17]} 14. Bxf5 {[%clk 00:51:29]} {[%emt 00:03:16]} Bxf5 {[%clk 01:02:35]}
{[%emt 00:00:02]} 15. dxe5 {[%clk 00:48:47]} {[%emt 00:02:52]} Nb4 {[%clk
00:36:36]} {[%emt 00:26:09]} 16. Nb3 {[%clk 00:29:08]} {[%emt 00:19:50]} Qc7
{[%clk 00:35:48]} {[%emt 00:00:57]} 17. Nfd4 {[%clk 00:18:14]} {[%emt
00:11:05]} Nxa2+ {[%clk 00:28:55]} {[%emt 00:07:03]} 18. Kd2 {[%clk 00:18:14]}
{[%emt 00:00:02]} fxe5 {[%clk 00:28:53]} {[%emt 00:00:12]} 19. Ra1 {[%clk
00:17:18]} {[%emt 00:01:06]} Qc4 {[%clk 00:27:02]} {[%emt 00:02:00]} 20. Na5
{[%clk 00:14:29]} {[%emt 00:03:00]} Qa4 {[%clk 00:24:36]} {[%emt 00:02:35]} 21.
Qxe5 {[%clk 00:13:24]} {[%emt 00:01:15]} Qxa5 {[%clk 00:23:51]} {[%emt
00:00:56]} 22. b4 {[%clk 00:13:24]} {[%emt 00:00:03]} Rae8 {[%clk 00:18:30]}
{[%emt 00:05:31]} 23. Qxe8 {[%clk 00:08:39]} {[%emt 00:04:56]} Qa3 {[%clk
00:18:18]} {[%emt 00:00:21]} 24. Qxf8+ {[%clk 00:08:01]} {[%emt 00:00:48]} Kxf8
{[%clk 00:18:18]} {[%emt 00:00:02]} 25. Nxf5 {[%clk 00:08:00]} {[%emt
00:00:11]} Qxc3+ {[%clk 00:18:01]} {[%emt 00:00:26]} 26. Ke2 {[%clk 00:07:22]}
{[%emt 00:00:49]} Qc2+ {[%clk 00:18:01]} {[%emt 00:00:06]} 27. Kf3 {[%clk
00:06:38]} {[%emt 00:00:54]} gxf5 {[%clk 00:18:01]} {[%emt 00:00:09]} 28. Rhe1
{[%clk 00:06:32]} {[%emt 00:00:17]} Qc3+ {[%clk 00:17:43]} {[%emt 00:00:28]} 29.
Kf4 {[%clk 00:06:27]} {[%emt 00:00:16]} Nxb4 {[%clk 00:17:43]} {[%emt
00:00:09]} 0-1

[Event "2025 National K-12 Grade Championship"]
[Site "Spokane, WI USA, United States"]
[Date "2025.12.12"]
[Round "2.8"]
[White "Wallace, Harper"]
[Black "Pothuri, Abhiram Sai"]
[Result "0-1"]
[TimeControl "G/90; d10"]
[WhiteFideId "39908429"]
[BlackFideId "30969263"]
[WhiteElo "1872"]
[BlackElo "2185"]

1. d4 {[%clk 01:29:57]} {[%emt 00:00:12]} Nf6 {[%clk 01:30:00]} {[%emt
00:00:07]} 2. Bg5 {[%clk 01:29:51]} {[%emt 00:00:16]} d5 {[%clk 01:29:27]}
{[%emt 00:00:43]} 3. Bxf6 {[%clk 01:28:59]} {[%emt 00:01:02]} gxf6 {[%clk
01:29:11]} {[%emt 00:00:26]} 4. e3 {[%clk 01:28:59]} {[%emt 00:00:04]} c5
{[%clk 01:28:36]} {[%emt 00:00:45]} 5. c4 {[%clk 01:28:33]} {[%emt 00:00:36]}
cxd4 {[%clk 01:16:57]} {[%emt 00:11:50]} 6. Qxd4 {[%clk 01:28:08]} {[%emt
00:00:35]} Nc6 {[%clk 01:14:10]} {[%emt 00:02:58]} 7. Qxd5 {[%clk 01:27:48]}
{[%emt 00:00:30]} Qxd5 {[%clk 01:14:09]} {[%emt 00:00:10]} 8. cxd5 {[%clk
01:27:48]} {[%emt 00:00:06]} Nb4 {[%clk 01:14:09]} {[%emt 00:00:06]} 9. Na3
{[%clk 01:27:48]} {[%emt 00:00:07]} a6 {[%clk 01:14:07]} {[%emt 00:00:12]} 10.
g3 {[%clk 01:26:51]} {[%emt 00:01:07]} Bg7 {[%clk 01:03:09]} {[%emt 00:11:08]}
11. Nf3 {[%clk 01:25:12]} {[%emt 00:01:44]} Bf5 {[%clk 00:55:36]} {[%emt
00:07:48]} 12. Be2 {[%clk 01:23:45]} {[%emt 00:01:36]} Be4 {[%clk 00:54:30]}
{[%emt 00:01:15]} 13. O-O {[%clk 01:23:33]} {[%emt 00:00:23]} Bxd5 {[%clk
00:54:28]} {[%emt 00:00:12]} 14. Nc4 {[%clk 01:22:48]} {[%emt 00:00:55]} Rd8
{[%clk 00:53:41]} {[%emt 00:00:57]} 15. a3 {[%clk 01:22:34]} {[%emt 00:00:25]}
Nc6 {[%clk 00:52:55]} {[%emt 00:00:55]} 16. Rad1 {[%clk 01:22:18]} {[%emt
00:00:26]} O-O {[%clk 00:51:48]} {[%emt 00:01:17]} 17. Rd2 {[%clk 01:16:41]}
{[%emt 00:05:47]} b5 {[%clk 00:26:59]} {[%emt 00:24:58]} 18. Nb6 {[%clk
01:16:28]} {[%emt 00:00:23]} Bxf3 {[%clk 00:25:40]} {[%emt 00:01:30]} 19. Rxd8
{[%clk 01:15:49]} {[%emt 00:00:49]} Bxe2 {[%clk 00:25:33]} {[%emt 00:00:16]} 20.
Rxf8+ {[%clk 01:15:49]} {[%emt 00:00:03]} Kxf8 {[%clk 00:25:16]} {[%emt
00:00:29]} 21. Rc1 {[%clk 01:15:42]} {[%emt 00:00:15]} Bf3 {[%clk 00:25:16]}
{[%emt 00:00:09]} 22. e4 {[%clk 01:13:37]} {[%emt 00:02:15]} Bxe4 {[%clk
00:23:49]} {[%emt 00:01:36]} 23. Nd7+ {[%clk 01:13:37]} {[%emt 00:00:05]} Ke8
{[%clk 00:23:23]} {[%emt 00:00:36]} 24. Nc5 {[%clk 01:13:37]} {[%emt 00:00:03]}
Nd4 {[%clk 00:22:17]} {[%emt 00:01:17]} 25. Rd1 {[%clk 01:12:39]} {[%emt
00:01:07]} f5 {[%clk 00:22:15]} {[%emt 00:00:13]} 26. Nxe4 {[%clk 01:10:08]}
{[%emt 00:02:41]} fxe4 {[%clk 00:22:15]} {[%emt 00:00:06]} 27. Kg2 {[%clk
01:09:00]} {[%emt 00:01:18]} f5 {[%clk 00:21:16]} {[%emt 00:01:09]} 28. Rc1
{[%clk 01:08:39]} {[%emt 00:00:26]} Kd7 {[%clk 00:21:16]} {[%emt 00:00:10]} 29.
g4 {[%clk 01:07:46]} {[%emt 00:01:04]} f4 {[%clk 00:19:32]} {[%emt 00:01:53]}
30. Re1 {[%clk 01:07:18]} {[%emt 00:00:38]} f3+ {[%clk 00:19:32]} {[%emt
00:00:05]} 31. Kh3 {[%clk 01:06:59]} {[%emt 00:00:28]} Ne2 {[%clk 00:19:06]}
{[%emt 00:00:38]} 32. b3 {[%clk 01:06:41]} {[%emt 00:00:27]} Ke6 {[%clk
00:18:26]} {[%emt 00:00:51]} 33. a4 {[%clk 01:06:09]} {[%emt 00:00:42]} b4
{[%clk 00:17:55]} {[%emt 00:00:41]} 34. Rd1 {[%clk 01:04:12]} {[%emt 00:02:04]}
Bd4 {[%clk 00:14:52]} {[%emt 00:03:15]} 35. Rf1 {[%clk 01:03:24]} {[%emt
00:00:58]} Kf6 {[%clk 00:14:20]} {[%emt 00:00:42]} 36. Kh4 {[%clk 01:01:13]}
{[%emt 00:02:21]} Kg6 {[%clk 00:12:59]} {[%emt 00:01:31]} 37. g5 {[%clk
01:00:31]} {[%emt 00:00:53]} Be5 {[%clk 00:11:41]} {[%emt 00:01:27]} 38. h3
{[%clk 00:59:27]} {[%emt 00:01:15]} Bf4 {[%clk 00:11:41]} {[%emt 00:00:09]} 39.
Kg4 {[%clk 00:59:14]} {[%emt 00:00:21]} Bxg5 {[%clk 00:11:06]} {[%emt
00:00:48]} 40. h4 {[%clk 00:58:54]} {[%emt 00:00:29]} h5+ {[%clk 00:11:02]}
{[%emt 00:00:15]} 41. Kh3 {[%clk 00:58:54]} {[%emt 00:00:07]} Bh6 {[%clk
00:09:14]} {[%emt 00:01:57]} 42. Rd1 {[%clk 00:58:23]} {[%emt 00:00:41]} e6
{[%clk 00:08:55]} {[%emt 00:00:30]} 43. Rd6 {[%clk 00:57:59]} {[%emt 00:00:34]}
Bf4 {[%clk 00:08:02]} {[%emt 00:01:02]} 44. Rd1 {[%clk 00:56:49]} {[%emt
00:01:19]} Bh6 {[%clk 00:06:30]} {[%emt 00:01:44]} 45. a5 {[%clk 00:56:32]}
{[%emt 00:00:27]} Kf5 {[%clk 00:05:39]} {[%emt 00:01:01]} 46. Rd8 {[%clk
00:56:07]} {[%emt 00:00:34]} e3 {[%clk 00:04:46]} {[%emt 00:01:05]} 47. fxe3
{[%clk 00:55:50]} {[%emt 00:00:25]} Bxe3 {[%clk 00:04:38]} {[%emt 00:00:18]} 48.
Rf8+ {[%clk 00:55:45]} {[%emt 00:00:15]} Ke4 {[%clk 00:04:34]} {[%emt
00:00:15]} 49. Rf7 {[%clk 00:55:33]} {[%emt 00:00:21]} Nf4+ {[%clk 00:04:25]}
{[%emt 00:00:20]} 50. Kh2 {[%clk 00:55:03]} {[%emt 00:00:39]} f2 {[%clk
00:04:18]} {[%emt 00:00:17]} 0-1

[Event "2025 National K-12 Grade Championship"]
[Site "Spokane, WI USA, United States"]
[Date "2025.12.12"]
[Round "2.9"]
[White "Kong, Milo James"]
[Black "Willy, Stephen John"]
[Result "0-1"]
[TimeControl "G/90; d10"]
[BlackTitle "FM"]
[BlackFideId "30981468"]
[WhiteElo "1878"]
[BlackElo "2313"]

1. e4 {[%clk 01:30:00]} g6 {[%clk 01:30:00]} {[%emt 00:00:08]} 2. d4 {[%clk
01:30:00]} {[%emt 00:00:03]} Bg7 {[%clk 01:30:00]} {[%emt 00:00:04]} 3. f4
{[%clk 01:30:00]} {[%emt 00:00:11]} d5 {[%clk 01:29:09]} {[%emt 00:01:01]} 4.
e5 {[%clk 01:29:54]} {[%emt 00:00:17]} h5 {[%clk 01:28:37]} {[%emt 00:00:42]} 5.
Nf3 {[%clk 01:29:34]} {[%emt 00:00:29]} Nh6 {[%clk 01:28:35]} {[%emt 00:00:12]}
6. c4 {[%clk 01:28:40]} {[%emt 00:01:05]} dxc4 {[%clk 01:23:53]} {[%emt
00:04:52]} 7. Bxc4 {[%clk 01:28:11]} {[%emt 00:00:39]} Bg4 {[%clk 01:23:53]}
{[%emt 00:00:06]} 8. O-O {[%clk 01:21:16]} {[%emt 00:07:05]} Nf5 {[%clk
01:21:00]} {[%emt 00:03:02]} 9. d5 {[%clk 01:16:55]} {[%emt 00:04:33]} c6
{[%clk 01:20:55]} {[%emt 00:00:14]} 10. Qb3 {[%clk 01:12:28]} {[%emt 00:04:37]}
b5 {[%clk 01:20:06]} {[%emt 00:00:59]} 11. Be2 {[%clk 01:09:15]} {[%emt
00:03:22]} Qb6+ {[%clk 01:06:24]} {[%emt 00:13:52]} 12. Kh1 {[%clk 01:07:38]}
{[%emt 00:01:47]} h4 {[%clk 01:06:19]} {[%emt 00:00:15]} 13. h3 {[%clk
01:01:16]} {[%emt 00:06:32]} Ng3+ {[%clk 01:05:41]} {[%emt 00:00:48]} 14. Kh2
{[%clk 01:01:16]} Nxf1+ {[%clk 00:59:49]} {[%emt 00:06:03]} 15. Bxf1 {[%clk
01:01:16]} {[%emt 00:00:01]} Qf2 {[%clk 00:59:25]} {[%emt 00:00:34]} 16. Nbd2
{[%clk 00:58:05]} {[%emt 00:03:21]} Bxh3 {[%clk 00:59:05]} {[%emt 00:00:30]} 17.
dxc6 {[%clk 00:55:39]} {[%emt 00:02:37]} Bxg2 {[%clk 00:58:54]} {[%emt
00:00:20]} 0-1

[Event "2025 National K-12 Grade Championship"]
[Site "Spokane, WI USA, United States"]
[Date "2025.12.12"]
[Round "2.10"]
[White "Suarez, Sebastian"]
[Black "Alvarado-Yoshida, Nico"]
[Result "1-0"]
[TimeControl "G/90; d10"]
[WhiteFideId "30979080"]
[BlackFideId "39904156"]
[WhiteElo "2299"]
[BlackElo "1884"]

1. e4 {[%clk 01:22:24]} {[%emt 00:07:45]} e6 {[%clk 01:30:00]} {[%emt
00:00:07]} 2. d4 {[%clk 01:22:08]} {[%emt 00:00:26]} d5 {[%clk 01:30:00]}
{[%emt 00:00:09]} 3. Nc3 {[%clk 01:22:08]} {[%emt 00:00:09]} Be7 {[%clk
01:29:49]} {[%emt 00:00:21]} 4. Nf3 {[%clk 01:20:04]} {[%emt 00:02:14]} Nf6
{[%clk 01:29:38]} {[%emt 00:00:22]} 5. Bd3 {[%clk 01:19:55]} {[%emt 00:00:18]}
c5 {[%clk 01:29:33]} {[%emt 00:00:15]} 6. exd5 {[%clk 01:14:57]} {[%emt
00:05:08]} Nxd5 {[%clk 01:26:25]} {[%emt 00:03:18]} 7. Nxd5 {[%clk 01:13:04]}
{[%emt 00:02:03]} Qxd5 {[%clk 01:16:47]} {[%emt 00:09:48]} 8. dxc5 {[%clk
01:12:06]} {[%emt 00:01:08]} Qxc5 {[%clk 01:15:34]} {[%emt 00:01:23]} 9. O-O
{[%clk 01:10:39]} {[%emt 00:01:37]} O-O {[%clk 01:13:32]} {[%emt 00:02:12]} 10.
Qe2 {[%clk 01:07:17]} {[%emt 00:03:32]} Nd7 {[%clk 01:11:41]} {[%emt 00:02:01]}
11. Bf4 {[%clk 00:59:20]} {[%emt 00:08:05]} Rd8 {[%clk 01:06:45]} {[%emt
00:05:07]} 12. Rad1 {[%clk 00:56:54]} {[%emt 00:02:37]} Nf8 {[%clk 01:05:47]}
{[%emt 00:01:08]} 13. Be4 {[%clk 00:52:35]} {[%emt 00:04:28]} Qb6 {[%clk
00:56:07]} {[%emt 00:09:49]} 14. Rxd8 {[%clk 00:42:03]} {[%emt 00:10:44]} Bxd8
{[%clk 00:54:27]} {[%emt 00:01:49]} 15. c4 {[%clk 00:40:15]} {[%emt 00:01:58]}
Bf6 {[%clk 00:50:51]} {[%emt 00:03:45]} 16. b3 {[%clk 00:39:35]} {[%emt
00:00:51]} Bd7 {[%clk 00:50:35]} {[%emt 00:00:26]} 17. Be5 {[%clk 00:31:02]}
{[%emt 00:08:43]} Be7 {[%clk 00:48:02]} {[%emt 00:02:43]} 18. Rd1 {[%clk
00:30:18]} {[%emt 00:00:55]} Bc6 {[%clk 00:40:48]} {[%emt 00:07:22]} 19. h3
{[%clk 00:28:13]} {[%emt 00:02:16]} Nd7 {[%clk 00:38:28]} {[%emt 00:02:30]} 20.
Bc3 {[%clk 00:26:44]} {[%emt 00:01:39]} Nf6 {[%clk 00:35:31]} {[%emt 00:03:08]}
21. Bc2 {[%clk 00:26:02]} {[%emt 00:00:52]} Rc8 {[%clk 00:30:56]} {[%emt
00:04:45]} 22. Ne5 {[%clk 00:25:34]} {[%emt 00:00:37]} Be8 {[%clk 00:27:37]}
{[%emt 00:03:28]} 23. Rd3 {[%clk 00:22:32]} {[%emt 00:03:13]} Bb4 {[%clk
00:26:06]} {[%emt 00:01:41]} 24. Bb2 {[%clk 00:21:20]} {[%emt 00:01:22]} Bc5
{[%clk 00:25:20]} {[%emt 00:00:56]} 25. Kf1 {[%clk 00:20:27]} {[%emt 00:01:03]}
Rd8 {[%clk 00:24:23]} {[%emt 00:01:08]} 26. Ng4 {[%clk 00:18:40]} {[%emt
00:01:57]} Nd7 {[%clk 00:18:39]} {[%emt 00:05:54]} 27. Qd2 {[%clk 00:13:35]}
{[%emt 00:05:15]} Be7 {[%clk 00:16:40]} {[%emt 00:02:08]} 28. Nh6+ {[%clk
00:10:47]} {[%emt 00:02:58]} gxh6 {[%clk 00:13:10]} {[%emt 00:03:40]} 29. Qxh6
{[%clk 00:09:46]} {[%emt 00:01:11]} 1-0

[Event "2025 National K-12 Grade Championship"]
[Site "Spokane, WI USA, United States"]
[Date "2025.12.12"]
[Round "2.11"]
[White "Reddy, Eshan"]
[Black "Xu, Gordon Zhenyu"]
[Result "0-1"]
[TimeControl "G/90; d10"]
[BlackTitle "CM"]
[BlackFideId "30981506"]
[WhiteElo "1844"]
[BlackElo "2258"]

1. d4 {[%clk 01:29:56]} {[%emt 00:00:13]} Nf6 {[%clk 01:30:00]} {[%emt
00:00:07]} 2. c4 {[%clk 01:29:56]} {[%emt 00:00:10]} g6 {[%clk 01:29:53]}
{[%emt 00:00:17]} 3. Nf3 {[%clk 01:29:45]} {[%emt 00:00:21]} Bg7 {[%clk
01:29:53]} {[%emt 00:00:05]} 4. Nc3 {[%clk 01:29:14]} {[%emt 00:00:41]} O-O
{[%clk 01:29:29]} {[%emt 00:00:35]} 5. Bg5 {[%clk 01:28:44]} {[%emt 00:00:39]}
d6 {[%clk 01:25:12]} {[%emt 00:04:27]} 6. e4 {[%clk 01:27:36]} {[%emt
00:01:19]} Na6 {[%clk 01:22:57]} {[%emt 00:02:24]} 7. Be2 {[%clk 01:25:08]}
{[%emt 00:02:38]} h6 {[%clk 01:21:02]} {[%emt 00:02:05]} 8. Be3 {[%clk
01:23:41]} {[%emt 00:01:37]} e5 {[%clk 01:17:38]} {[%emt 00:03:34]} 9. O-O
{[%clk 01:18:58]} {[%emt 00:04:51]} Qe7 {[%clk 01:12:43]} {[%emt 00:05:06]} 10.
Qc2 {[%clk 01:04:18]} {[%emt 00:14:51]} Ng4 {[%clk 01:05:18]} {[%emt 00:07:34]}
11. h3 {[%clk 00:57:44]} {[%emt 00:06:44]} Nxe3 {[%clk 01:04:35]} {[%emt
00:00:53]} 12. fxe3 {[%clk 00:57:42]} {[%emt 00:00:12]} Nb4 {[%clk 00:44:48]}
{[%emt 00:19:57]} 13. Qa4 {[%clk 00:54:46]} {[%emt 00:03:06]} a5 {[%clk
00:39:20]} {[%emt 00:05:39]} 14. a3 {[%clk 00:47:13]} {[%emt 00:07:42]} Bd7
{[%clk 00:38:46]} {[%emt 00:00:44]} 15. Qb3 {[%clk 00:46:15]} {[%emt 00:01:09]}
Na6 {[%clk 00:37:50]} {[%emt 00:01:03]} 16. Nd5 {[%clk 00:41:51]} {[%emt
00:04:36]} Qe6 {[%clk 00:36:42]} {[%emt 00:01:11]} 17. Rae1 {[%clk 00:35:48]}
{[%emt 00:06:20]} Rab8 {[%clk 00:25:14]} {[%emt 00:11:39]} 18. Qc3 {[%clk
00:29:02]} {[%emt 00:06:55]} a4 {[%clk 00:24:23]} {[%emt 00:01:01]} 19. c5
{[%clk 00:20:21]} {[%emt 00:08:52]} exd4 {[%clk 00:17:20]} {[%emt 00:07:12]} 20.
Nxd4 {[%clk 00:16:36]} {[%emt 00:03:55]} Qxe4 {[%clk 00:15:20]} {[%emt
00:02:09]} 21. Bf3 {[%clk 00:13:48]} {[%emt 00:02:59]} Qe5 {[%clk 00:14:15]}
{[%emt 00:01:12]} 22. cxd6 {[%clk 00:13:04]} {[%emt 00:00:57]} Qxd6 {[%clk
00:14:06]} {[%emt 00:00:18]} 23. Qd2 {[%clk 00:10:19]} {[%emt 00:02:56]} c6
{[%clk 00:10:07]} {[%emt 00:04:09]} 24. Nb6 {[%clk 00:07:56]} {[%emt 00:02:33]}
c5 {[%clk 00:08:20]} {[%emt 00:01:57]} 25. Nc4 {[%clk 00:07:56]} {[%emt
00:00:06]} Qc7 {[%clk 00:07:58]} {[%emt 00:00:30]} 26. Ne2 {[%clk 00:06:54]}
{[%emt 00:01:15]} Be6 {[%clk 00:06:08]} {[%emt 00:01:59]} 27. Bd5 {[%clk
00:05:56]} {[%emt 00:01:07]} b5 {[%clk 00:05:32]} {[%emt 00:00:47]} 28. Bxe6
{[%clk 00:05:21]} {[%emt 00:00:46]} fxe6 {[%clk 00:05:32]} {[%emt 00:00:02]} 29.
Rxf8+ {[%clk 00:03:24]} {[%emt 00:02:07]} Rxf8 {[%clk 00:05:18]} {[%emt
00:00:24]} 30. Qd6 {[%clk 00:02:53]} {[%emt 00:00:41]} Qxd6 {[%clk 00:04:11]}
{[%emt 00:01:16]} 31. Nxd6 {[%clk 00:02:53]} {[%emt 00:00:03]} Nc7 {[%clk
00:02:28]} {[%emt 00:01:54]} 32. Nc3 {[%clk 00:02:29]} {[%emt 00:00:35]} Bxc3
{[%clk 00:01:19]} {[%emt 00:01:19]} 33. bxc3 {[%clk 00:02:29]} {[%emt
00:00:01]} Rd8 {[%clk 00:01:19]} 34. Ne4 {[%clk 00:01:40]} {[%emt 00:00:59]}
Na6 {[%clk 00:01:04]} {[%emt 00:00:25]} 35. Rb1 {[%clk 00:01:14]} {[%emt
00:00:36]} Rb8 {[%clk 00:01:04]} 36. Rd1 {[%clk 00:01:10]} {[%emt 00:00:15]} b4
{[%clk 00:00:51]} {[%emt 00:00:23]} 37. Rd6 {[%clk 00:00:43]} {[%emt 00:00:36]}
bxa3 {[%clk 00:00:49]} {[%emt 00:00:13]} 38. Rxa6 {[%clk 00:00:43]} {[%emt
00:00:05]} a2 {[%clk 00:00:49]} {[%emt 00:00:03]} 39. Rxa4 {[%clk 00:00:43]}
{[%emt 00:00:01]} Rb1+ {[%clk 00:00:49]} {[%emt 00:00:01]} 40. Kf2 {[%clk
00:00:43]} {[%emt 00:00:03]} a1=Q {[%clk 00:00:49]} {[%emt 00:00:01]} 41. Rxa1
{[%clk 00:00:43]} {[%emt 00:00:02]} Rxa1 {[%clk 00:00:49]} 42. Nxc5 {[%emt
00:00:03]} Kf7 {[%clk 00:00:49]} {[%emt 00:00:04]} 43. Ne4 {[%clk 00:00:43]}
{[%emt 00:00:05]} Rc1 {[%clk 00:00:49]} {[%emt 00:00:06]} 44. Kf3 {[%clk
00:00:43]} {[%emt 00:00:07]} e5 {[%clk 00:00:48]} {[%emt 00:00:11]} 45. c4
{[%clk 00:00:43]} {[%emt 00:00:04]} Ke6 {[%clk 00:00:48]} {[%emt 00:00:06]} 46.
Nd2 {[%clk 00:00:29]} {[%emt 00:00:24]} Rc2 {[%clk 00:00:40]} {[%emt 00:00:17]}
47. Ke2 {[%clk 00:00:29]} {[%emt 00:00:02]} Kf5 {[%clk 00:00:30]} {[%emt
00:00:21]} 48. Kd3 {[%clk 00:00:29]} {[%emt 00:00:10]} Rc1 {[%clk 00:00:30]}
{[%emt 00:00:01]} 49. Nb3 {[%clk 00:00:19]} {[%emt 00:00:20]} Rb1 {[%clk
00:00:23]} {[%emt 00:00:18]} 50. Nd2 {[%clk 00:00:19]} {[%emt 00:00:06]} Rg1
{[%clk 00:00:23]} {[%emt 00:00:02]} 51. c5 {[%clk 00:00:19]} {[%emt 00:00:05]}
Rc1 {[%clk 00:00:08]} {[%emt 00:00:25]} 52. Nb3 {[%clk 00:00:19]} {[%emt
00:00:05]} Rb1 {[%clk 00:00:08]} {[%emt 00:00:05]} 53. Nd2 {[%clk 00:00:17]}
{[%emt 00:00:12]} Rg1 {[%clk 00:00:08]} {[%emt 00:00:07]} 54. Kc4 {[%clk
00:00:17]} {[%emt 00:00:10]} Rxg2 {[%clk 00:00:08]} {[%emt 00:00:03]} 55. Nb3
{[%clk 00:00:16]} {[%emt 00:00:10]} Ke6 {[%clk 00:00:08]} {[%emt 00:00:02]} 56.
Kb5 {[%clk 00:00:16]} {[%emt 00:00:04]} Rb2 {[%clk 00:00:08]} {[%emt 00:00:03]}
57. Kc4 {[%clk 00:00:16]} {[%emt 00:00:06]} Rc2+ {[%clk 00:00:08]} 58. Kb5
{[%clk 00:00:16]} {[%emt 00:00:05]} Kd5 {[%clk 00:00:08]} {[%emt 00:00:06]} 59.
Kb4 {[%clk 00:00:14]} {[%emt 00:00:13]} Rh2 {[%clk 00:00:08]} {[%emt 00:00:07]}
60. e4+ {[%clk 00:00:11]} {[%emt 00:00:12]} Kxe4 {[%clk 00:00:08]} {[%emt
00:00:04]} 61. c6 {[%clk 00:00:11]} {[%emt 00:00:03]} Rc2 {[%clk 00:00:08]}
{[%emt 00:00:02]} 62. Nc5 {[%clk 00:00:11]} {[%emt 00:00:05]} 0-1